000
00319nam a2200133Ia 4500
008
100328s9999 xx 000 0 und d
082
_b
72131
100
_a
दिवाण वृंदा.
245
_a
सौदा
260
_b
अमोल.
630
_a
सौदा
730
_a
सौदा
942
_c
BOOK
999
_c
557854
_d
557851